Countries of Oceania Quiz Stats

 Plays Quiz Updated Nov 18, 2014

Score 0/14 Timer 05:00
500 Plays Today
% Correct
Australia
98.2%
New
Zealand
96.9%
Papua
New
Guinea
84.6%
Fiji
84.4%
Micronesia
74%
Samoa
73.9%
Marshall
Islands
73.4%
% Correct
Solomon
Islands
70.4%
Tonga
70.1%
Palau
64.7%
Vanuatu
63.6%
Tuvalu
61.7%
Kiribati
61.5%
Nauru
59.6%

You're not logged in!

Compare scores with friends on all Sporcle quizzes.
OR
Log In

Show Comments

Extras

Top Quizzes Today


Score Distribution

Your Account Isn't Verified!

In order to create a playlist on Sporcle, you need to verify the email address you used during registration. Go to your Sporcle Settings to finish the process.

Report this User

Report this user for behavior that violates our Community Guidelines.

Details: